| 000 | 01612cam a2200421 i 4500 | ||
|---|---|---|---|
| 001 | 13728234 | ||
| 003 | EG-ScBUE | ||
| 005 | 20240701121519.0 | ||
| 008 | 040923s2005 nyu f 001 0deng d | ||
| 020 | _a0743270339 | ||
| 020 | _a9780743270335 | ||
| 040 |
_aDLC _beng _erda _cDLC _dDLC _dEG-ScBUE |
||
| 043 | _an-us--- | ||
| 082 | 0 | 4 |
_a973.926092 _bCAR _222 |
| 100 | 1 |
_aCarter, Jimmy, _d1924- _eauthor. _922841 |
|
| 245 | 1 | 0 |
_aSharing good times / _cJimmy Carter. |
| 264 | 1 |
_aNew York : _bSimon & Schuster, _c2005. |
|
| 300 |
_axii, 174 pages ; _c19 cm |
||
| 336 |
_2rdacontent _atext _btxt |
||
| 337 |
_aunmediated _2rdamedia _bn |
||
| 338 |
_avolume _bnc _2rdacarrier |
||
| 500 | _aIncludes index. | ||
| 586 | _aNew York Times Bestseller | ||
| 600 | 1 | 7 |
_aCarter, Jimmy, _d1924- _2BUEsh _922842 |
| 600 | 1 | 7 |
_aCarter, Jimmy, _d1924- _xFamily. _2BUEsh _922843 |
| 600 | 1 | 7 |
_aCarter, Jimmy, _d1924- _xPhilosophy. _2BUEsh _922844 |
| 650 | 7 |
_aFamilies _vMiscellanea. _2BUEsh _922845 |
|
| 650 | 7 |
_aLeisure _vMiscellanea. _2BUEsh _922846 |
|
| 650 | 7 |
_aConduct of life _vMiscellanea. _2BUEsh _922847 |
|
| 650 | 7 |
_aPresidents _zUnited States _vBiography. _2BUEsh _922848 |
|
| 653 |
_cApril2011 _dBestSellers |
||
| 655 | _vReading book | ||
| 856 | 4 | 2 |
_3Publisher description _uhttp://www.loc.gov/catdir/description/simon051/2004051351.html |
| 856 | 4 | 1 |
_3Table of contents only _uhttp://www.loc.gov/catdir/enhancements/fy0631/2004051351-t.html |
| 856 | 4 | 1 |
_3Sample text _uhttp://www.loc.gov/catdir/enhancements/fy0641/2004051351-s.html |
| 942 |
_2ddc _cBB |
||
| 999 |
_c15060 _d15060 |
||